000 00481nam a2200181Ia 4500
001 9436
005 20260306161718.0
008 260306t2006||||xx |||||||||||||| ||spa||
041 _aESP
082 _a379
_bC81
100 _aConsejo Nacional de Educación
_eAUT
245 0 _aProyecto educativo nacional al 2021:
_bla educación que queremos para el Perú
260 _c2006
300 _a145 páginas :
_c21 cm.
650 _aGEN
654 _aCED
942 _cLIB
_dJUS
_fJUS
_2ddc
_n
999 _c9436
_d9436